Sports Quiz

Random Sports or NFL Quiz

Highest Paid NFL Players 2010 Quiz Stats

 Plays Quiz not verified by Sporcle

Score 0/15 Timer 03:00
0 Plays Today
Income Player % Correct
30.8 MillionPeyton Manning
99.4%
26.5 MillionEli Manning
98.8%
24.0 MillionBrett Favre
62.7%
25.8 MillionPhillip Rivers
48.6%
27.6 MillionMatthew Stafford
35.4%
24.7 MillionAlbert Haynesworth
31.9%
20.5 MillionJason Smith
29.5%
16.9 MillionMark Sanchez
27.3%
Income Player % Correct
18.1 MillionTyson Jackson
24.7%
20.0 MillionJulius Peppers
22.2%
7.6 MillionDeMarcus Ware
12.9%
24.9 MillionTerrell Suggs
6.1%
21.4 MillionDarrius Heyward-Bey
3.9%
18.5 MillionDeAngelo Hall
3%
18.9 MillionVince Wilfork
2.8%

You're not logged in!

Compare scores with friends on all Sporcle quizzes.
OR
Log In

Show Comments

Extras

Created Oct 17, 2010SourceReportNominate
Tags:NFL Quiz, salary

Top Quizzes Today


Score Distribution

Your Account Isn't Verified!

In order to create a playlist on Sporcle, you need to verify the email address you used during registration. Go to your Sporcle Settings to finish the process.

Report this User

Report this user for behavior that violates our Community Guidelines.

Details: